[Event "Titled Tuesday intern op 20th July"]
[Site "Chess.com INT"]
[Date "2021.07.20"]
[Round "10"]
[White "Chen, Max"]
[Black "Manzone, Alessandro Jr"]
[Result "0-1"]
[WhiteElo "1997"]
[BlackElo "2404"]
[PlyCount "104"]
[EventDate "2021.07.20"]
[EventType "swiss (blitz)"]
[EventRounds "11"]
[EventCountry "USA"]
[SourceTitle "CBM 203 Extra"]
[Source "ChessBase"]
[SourceDate "2021.09.30"]
[SourceVersion "1"]
[SourceVersionDate "2021.09.30"]
[SourceQuality "1"]

1. e4 c5 2. Nf3 e6 3. d4 cxd4 4. Nxd4 Nc6 5. Nc3 Qc7 6. Be3 a6 7. Be2 Nf6 8. 0-0 Bb4 9. f3 0-0 10. Nb3 d5 11. exd5 Rd8 12. Qc1 exd5 13. Rd1 Qe7 14. Bf1 Bf5 15. Bf2 Rac8 16. Na4 d4 17. a3 Bd6 18. Re1 Qc7 19. g3 b5 20. Nac5 Ne5 21. Nxd4 Bxc5 22. Nxf5 Nxf3+ 23. Kg2 Nxe1+ 24. Qxe1 Bxf2 25. Qxf2 Ng4 26. Qe2 Ne5 27. Re1 f6 28. c3 Re8 29. Qe4 Rcd8 30. Nd4 Qd7 31. Qf4 Nd3 32. Rxe8+ Rxe8 33. Bxd3 Qd5+ 34. Qf3 Qg5 35. Qf5 Qd2+ 36. Kh3 Qh6+ 37. Kg2 Kh8 38. Qf4 Qh5 39. Nf3 Qd5 40. Qd4 Qb3 41. Qb4 Qd1 42. Qd4 Qc1 43. c4 bxc4 44. Qxc4 Qxb2+ 45. Qc2 Qxa3 46. Bxh7 Qe3 47. Bg6 Qe2+ 48. Qxe2 Rxe2+ 49. Kf1 Rb2 50. Bd3 a5 51. Nd4 a4 52. Nb5 a3 0-1

[Event "Titled Tuesday intern op 20th July"]
[Site "Chess.com INT"]
[Date "2021.07.20"]
[Round "3"]
[White "Manzone, Alessandro Jr"]
[Black "Mujumdar, Sameer Suhas"]
[Result "1-0"]
[WhiteElo "2404"]
[BlackElo "2028"]
[PlyCount "81"]
[EventDate "2021.07.20"]
[EventType "swiss (blitz)"]
[EventRounds "11"]
[EventCountry "USA"]
[SourceTitle "CBM 203 Extra"]
[Source "ChessBase"]
[SourceDate "2021.09.30"]
[SourceVersion "1"]
[SourceVersionDate "2021.09.30"]
[SourceQuality "1"]

1. d4 d5 2. c4 c6 3. Nc3 Nf6 4. e3 a6 5. Nf3 Bg4 6. b3 e6 7. Bb2 b5 8. Be2 Nbd7 9. 0-0 Bd6 10. Qc2 0-0 11. e4 b4 12. e5 bxc3 13. Bxc3 Bc7 14. exf6 Nxf6 15. Ne5 Bxe2 16. Qxe2 Ne4 17. Bb2 Bxe5 18. dxe5 Qb6 19. Kh1 f5 20. exf6 Nxf6 21. Qxe6+ Kh8 22. cxd5 Nxd5 23. Qe5 Ra7 24. Rae1 h6 25. Qd6 Raf7 26. Qxh6+ Kg8 27. Qe6 Qa5 28. Re4 Qxa2 29. Bxg7 Nc7 30. Qc4 Kxg7 31. Rg4+ Kf6 32. Qxc6+ Ne6 33. Re1 Qxb3 34. Rf4+ Kg7 35. Rg4+ Kf6 36. Rge4 Re7 37. R4e3 Qb5 38. Qf3+ Qf5 39. Qxf5+ Kxf5 40. Rf3+ Kg6 41. Rxf8 1-0

[Event "Titled Tuesday intern op 23rd Feb"]
[Site "Chess.com INT"]
[Date "2021.02.23"]
[Round "7"]
[White "Manzone, Alessandro Jr"]
[Black "Lonoff, Marc J"]
[Result "1-0"]
[WhiteElo "2404"]
[BlackElo "2122"]
[PlyCount "61"]
[EventDate "2021.02.23"]
[EventType "swiss (blitz)"]
[EventRounds "11"]
[EventCountry "USA"]
[SourceTitle "CBM 200 Extra"]
[Source "ChessBase"]
[SourceDate "2021.03.31"]
[SourceVersion "1"]
[SourceVersionDate "2021.03.31"]
[SourceQuality "1"]

1. d4 e6 2. c4 Bb4+ 3. Bd2 Qe7 4. Nf3 Nf6 5. Nc3 Bxc3 6. Bxc3 Ne4 7. Rc1 Nxc3 8. Rxc3 b6 9. e4 Bb7 10. Bd3 Nc6 11. 0-0 d6 12. a3 e5 13. d5 Nb8 14. b4 a5 15. c5 axb4 16. axb4 bxc5 17. bxc5 0-0 18. Qb3 Ba6 19. cxd6 cxd6 20. Ra1 Qb7 21. Qxb7 Bxb7 22. Rxa8 Bxa8 23. Rc7 h6 24. Ra7 Bxd5 25. exd5 f5 26. Bb5 Kh7 27. Ra8 Nd7 28. Rxf8 Nxf8 29. Kf1 g5 30. Nd2 Kg6 31. Nc4 1-0

[Event "Titled Tuesday intern op 23rd Feb"]
[Site "Chess.com INT"]
[Date "2021.02.23"]
[Round "10"]
[White "Swicarz, Maciej"]
[Black "Manzone, Alessandro Jr"]
[Result "0-1"]
[WhiteElo "2341"]
[BlackElo "2404"]
[PlyCount "84"]
[EventDate "2021.02.23"]
[EventType "swiss (blitz)"]
[EventRounds "11"]
[EventCountry "USA"]
[SourceTitle "CBM 200 Extra"]
[Source "ChessBase"]
[SourceDate "2021.03.31"]
[SourceVersion "1"]
[SourceVersionDate "2021.03.31"]
[SourceQuality "1"]

1. c4 Nf6 2. Nc3 e6 3. Nf3 c5 4. e4 Nc6 5. Be2 Qc7 6. 0-0 Be7 7. d4 cxd4 8. Nxd4 a6 9. Be3 0-0 10. Rc1 Nxd4 11. Bxd4 d6 12. Qd2 Bd7 13. Rfd1 Rac8 14. Qe3 Qb8 15. Ba7 Qa8 16. b3 b5 17. cxb5 axb5 18. Nxb5 Nxe4 19. Bf3 Rxc1 20. Rxc1 Bxb5 21. Bxe4 d5 22. Bb1 Rc8 23. Bd4 Ba3 24. Rxc8+ Qxc8 25. Qg5 Qf8 26. h4 h6 27. Qg3 Bd6 28. Qc3 f6 29. Qc2 f5 30. Qc3 Qe7 31. Qc8+ Kh7 32. h5 Be8 33. a4 Bxh5 34. a5 Qh4 35. g3 Qxd4 36. Qxe6 Qd1+ 37. Kh2 Qxb1 38. Qxd5 Bc5 39. a6 Bxf2 40. b4 Qg1+ 41. Kh3 Bg4+ 42. Kh4 g5# 0-1

[Event "Titled Tuesday intern op 09th Feb"]
[Site "Chess.com INT"]
[Date "2021.02.09"]
[Round "8"]
[White "Aitbayev, Aslan"]
[Black "Manzone, Alessandro Jr"]
[Result "1-0"]
[WhiteElo "2475"]
[BlackElo "2404"]
[PlyCount "59"]
[EventDate "2021.02.09"]
[EventType "swiss (blitz)"]
[EventRounds "11"]
[EventCountry "USA"]
[SourceTitle "EXT 2022"]
[Source "ChessBase"]
[SourceDate "2021.10.06"]
[SourceVersion "1"]
[SourceVersionDate "2021.10.06"]
[SourceQuality "1"]

1. e4 c5 2. Nf3 e6 3. d4 cxd4 4. Nxd4 Nc6 5. Nc3 Qc7 6. Be3 a6 7. Qd2 Nf6 8. f3 Ne5 9. 0-0-0 Bb4 10. Bf4 d6 11. Kb1 Bxc3 12. bxc3 Ng6 13. Bg3 0-0 14. h4 e5 15. Nb3 Nh5 16. Bf2 Be6 17. Qxd6 Qxc3 18. Qc5 Qxc5 19. Nxc5 Rfd8 20. Rxd8+ Rxd8 21. Kc1 Bxa2 22. Nxb7 Rb8 23. Nc5 Rb1+ 24. Kd2 Bc4 25. Nd3 Nhf4 26. Rg1 Nxd3 27. Bxd3 Rb4 28. Kc3 Bxd3 29. Kxb4 Bxc2 30. Rc1 1-0

[Event "Titled Tuesday intern op 09th Feb"]
[Site "Chess.com INT"]
[Date "2021.02.09"]
[Round "10"]
[White "Rustemov, Alexander"]
[Black "Manzone, Alessandro Jr"]
[Result "1-0"]
[WhiteElo "2525"]
[BlackElo "2404"]
[PlyCount "117"]
[EventDate "2021.02.09"]
[EventType "swiss (blitz)"]
[EventRounds "11"]
[EventCountry "USA"]
[SourceTitle "EXT 2022"]
[Source "ChessBase"]
[SourceDate "2021.10.06"]
[SourceVersion "1"]
[SourceVersionDate "2021.10.06"]
[SourceQuality "1"]

1. d4 Nf6 2. c4 e6 3. Nf3 Bb4+ 4. Bd2 a5 5. g3 b6 6. Bg2 Bb7 7. 0-0 0-0 8. Bf4 Be7 9. Nc3 Ne4 10. Nb5 Na6 11. Nd2 Nxd2 12. Qxd2 Bxg2 13. Kxg2 d5 14. b3 c6 15. Nc3 dxc4 16. bxc4 b5 17. c5 e5 18. Bxe5 Nxc5 19. Rfd1 Ne6 20. d5 cxd5 21. Nxb5 d4 22. Nxd4 Qd5+ 23. Nf3 Qe4 24. Qd3 Qa4 25. Qd7 Qa3 26. Rd3 Qb4 27. a3 Qc5 28. Rd5 Qa7 29. Qxa7 Rxa7 30. a4 Bb4 31. Rad1 Re8 32. Nd4 Nxd4 33. Bxd4 Rae7 34. e3 Re4 35. Rc1 h6 36. h4 R4e7 37. h5 Rb7 38. Rc6 Be1 39. Rb5 Rd7 40. Kf3 Bb4 41. g4 Rdd8 42. Rb7 Rc8 43. Rxc8 Rxc8 44. Ra7 Rc2 45. Ra8+ Kh7 46. Ra7 Kg8 47. Bb6 Ra2 48. Bxa5 Rxa4 49. Bb6 Rxa7 50. Bxa7 Kf8 51. Ke4 Ke7 52. Kd5 Be1 53. f3 Kf6 54. Bd4+ Kg5 55. Bxg7 Bf2 56. Bd4 f5 57. gxf5 Kxh5 58. Ke6 Bg1 59. f6 1-0

[Event "Titled Tuesday intern op 26th Jan"]
[Site "Chess.com INT"]
[Date "2021.01.26"]
[Round "4"]
[White "Sevian, Samuel"]
[Black "Manzone, Alessandro Jr"]
[Result "1-0"]
[WhiteElo "2660"]
[BlackElo "2404"]
[PlyCount "67"]
[EventDate "2021.01.26"]
[EventType "swiss (blitz)"]
[EventRounds "11"]
[EventCountry "USA"]
[SourceTitle "CBM 200 Extra"]
[Source "ChessBase"]
[SourceDate "2021.03.31"]
[SourceVersion "1"]
[SourceVersionDate "2021.03.31"]
[SourceQuality "1"]

1. c3 Nf6 2. d4 d5 3. Bf4 e6 4. e3 Bd6 5. Bg3 0-0 6. Nd2 c5 7. Ngf3 Nc6 8. Bd3 b6 9. Qe2 Bb7 10. Rd1 Re8 11. e4 Be7 12. e5 Nh5 13. Nf1 g6 14. Ne3 f5 15. exf6 Bxf6 16. Bb5 a6 17. Bxc6 Bxc6 18. Ng4 Bb5 19. Qe3 cxd4 20. cxd4 Rc8 21. Nxf6+ Qxf6 22. Be5 Qf5 23. a4 Bxa4 24. 0-0 Bxd1 25. Rxd1 Re7 26. h3 Qe4 27. Qh6 Rf8 28. Bd6 Rxf3 29. Bxe7 Rf7 30. Rc1 Rg7 31. Rc8+ Kf7 32. Bb4 e5 33. Rf8+ Ke6 34. Qg5 1-0

[Event "Titled Tuesday intern op 19th Jan"]
[Site "Chess.com INT"]
[Date "2021.01.19"]
[Round "7"]
[White "Guliev, Logman"]
[Black "Manzone, Alessandro Jr"]
[Result "1-0"]
[WhiteElo "2273"]
[BlackElo "2404"]
[PlyCount "47"]
[EventDate "2021.01.19"]
[EventType "swiss (blitz)"]
[EventRounds "11"]
[EventCountry "USA"]
[SourceTitle "CBM 200 Extra"]
[Source "ChessBase"]
[SourceDate "2021.03.31"]
[SourceVersion "1"]
[SourceVersionDate "2021.03.31"]
[SourceQuality "1"]

1. e4 c5 2. Nf3 e6 3. d4 cxd4 4. Nxd4 Nc6 5. Nc3 Qc7 6. Be2 a6 7. 0-0 Nf6 8. Be3 Bb4 9. Nxc6 bxc6 10. Na4 Be7 11. Nb6 Rb8 12. Nxc8 Qxc8 13. e5 Nd5 14. Bc1 Bc5 15. c4 Ne7 16. a3 Qc7 17. b4 Qxe5 18. Ra2 Bd4 19. Rd2 c5 20. bxc5 Nc6 21. Bf3 Rd8 22. Bxc6 dxc6 23. Bb2 0-0 24. Rxd4 1-0

[Event "Titled Tuesday intern op 19th Jan"]
[Site "Chess.com INT"]
[Date "2021.01.19"]
[Round "6"]
[White "Manzone, Alessandro Jr"]
[Black "Kruckenhauser, Arthur"]
[Result "1-0"]
[WhiteElo "2404"]
[BlackElo "2283"]
[PlyCount "79"]
[EventDate "2021.01.19"]
[EventType "swiss (blitz)"]
[EventRounds "11"]
[EventCountry "USA"]
[SourceTitle "CBM 200 Extra"]
[Source "ChessBase"]
[SourceDate "2021.03.31"]
[SourceVersion "1"]
[SourceVersionDate "2021.03.31"]
[SourceQuality "1"]

1. d4 Nf6 2. c4 e6 3. Nc3 Bb4 4. Nf3 0-0 5. g3 d5 6. Bg2 dxc4 7. 0-0 Nc6 8. Qa4 Rb8 9. Qb5 Bxc3 10. bxc3 Nd5 11. Qxc4 Na5 12. Qd3 b5 13. e4 Ne7 14. Ba3 Nc4 15. Bc5 a6 16. Rfb1 Re8 17. a4 Bd7 18. Nd2 Nxd2 19. Qxd2 bxa4 20. d5 Bb5 21. Qd4 exd5 22. exd5 Nf5 23. Qf4 Nd6 24. Rb4 Qf6 25. Qc1 Rbd8 26. Rf4 Qg6 27. c4 Bd7 28. Bd4 Rb8 29. c5 Nf5 30. Bc3 Bb5 31. Bf3 Rbd8 32. Rg4 Qh6 33. Qxh6 Nxh6 34. Rxg7+ Kf8 35. Rxh7 Nf5 36. Bf6 Ng7 37. Rxg7 Rb8 38. Rh7 Re1+ 39. Rxe1 Kg8 40. Rh8# 1-0

[Event "Titled Tuesday intern op 19th Jan"]
[Site "Chess.com INT"]
[Date "2021.01.19"]
[Round "4"]
[White "Manzone, Alessandro Jr"]
[Black "Pandey, Srishti"]
[Result "0-1"]
[WhiteElo "2404"]
[BlackElo "2026"]
[PlyCount "112"]
[EventDate "2021.01.19"]
[EventType "swiss (blitz)"]
[EventRounds "11"]
[EventCountry "USA"]
[SourceTitle "CBM 200 Extra"]
[Source "ChessBase"]
[SourceDate "2021.03.31"]
[SourceVersion "1"]
[SourceVersionDate "2021.03.31"]
[SourceQuality "1"]

1. d4 d5 2. c4 e6 3. Nc3 Be7 4. Qc2 Nf6 5. Bg5 h6 6. Bh4 0-0 7. e3 b6 8. Nf3 Bb7 9. Rc1 Nbd7 10. cxd5 Nxd5 11. Bg3 c5 12. Nxd5 Bxd5 13. e4 Bb7 14. Bb5 cxd4 15. 0-0 Nc5 16. Rfd1 Bxe4 17. Qe2 d3 18. Qe3 a5 19. Ne5 Qd5 20. Bc6 Qxc6 21. Nxc6 Bxc6 22. Rxd3 Nxd3 23. Rxc6 Nxb2 24. Qb3 Bf6 25. h4 a4 26. Qxb6 Rfd8 27. Qb7 a3 28. Rc7 Rd1+ 29. Kh2 Rf8 30. Qb3 Rd3 31. Qb4 Bc3 32. Qe7 Bf6 33. Qb4 Rfd8 34. Qb7 Rf8 35. Qa6 Rd2 36. Qxa3 Nd1 37. Qb4 Rxa2 38. Rb7 Rb2 39. Qe4 Nc3 40. Qc6 Re2 41. Bd6 Ra8 42. Qd7 Ne4 43. Qxf7+ Kh8 44. Qg6 Nxd6 45. Rd7 Nf5 46. Qg4 Rxf2 47. Qe4 Re8 48. Rc7 Nxh4 49. Rc6 Ng6 50. Kh3 Nf4+ 51. Kg3 Rf1 52. Rc7 Nd5 53. Qg6 Be5+ 54. Kg4 Nf6+ 55. Kh3 Bxc7 56. Qf7 Rh1# 0-1